LIBRARY & INFORMATION CENTRE, KCAET, TAVANUR

ONLINE PUBLIC ACCESS CATALOGUE (OPAC)

Coastal erosion study of Ponnani region using multispectral images (Record no. 15112)

MARC details
000 -LEADER
fixed length control field 01085nam a22001697a 4500
003 - CONTROL NUMBER IDENTIFIER
control field OSt
088 ## - REPORT NUMBER
Report number T 314
100 ## - MAIN ENTRY--AUTHOR NAME
Personal name SHEEJA P. S
245 ## - TITLE STATEMENT
Title Coastal erosion study of Ponnani region using multispectral images
260 ## - PUBLICATION, DISTRIBUTION, ETC. (IMPRINT)
Place of publication Tavanur 2015
Name of publisher DEPARTMENT OF IRRIGATION AND DRAINAGE ENGINEERING
300 ## - PHYSICAL DESCRIPTION
Number of Pages 87
500 ## - GENERAL NOTE
General note Coastal erosion study of Ponnani region using multispectral images
520 ## - SUMMARY, ETC.
Summary, etc the objectives of this study to determine the temporal shoreline changes along the coastal areas of Ponnani using remote sensing and digital change detection techniques and to study the extent and magnitude of the coastal erosion occured to identify priority areas and suggest suitable preventive measures were met. The coastal erosion study using remote sensing and GIS techniques provided realistic information about the erosion process along Ponnani area and this method can be successfully used for mapping and monitoring coastal changes.
856 ## - ELECTRONIC LOCATION AND ACCESS
Uniform Resource Identifier https://drive.google.com/open?id=11oZE_1W4OQHuS_KLPY7Eex6-mEVTf8yf
942 ## - ADDED ENTRY ELEMENTS (KOHA)
Koha item type Theses
Holdings
Collection code Home library Current library Shelving location Full call number Accession Number Koha item type Public note
Reference KAUAET KAUAET Reference 664.587 SHE/CO T 314 Theses M.Tech Thesis
free website counter